| 000 | 00686cam a2200253 a 4500 | ||
|---|---|---|---|
| 001 | 58519 | ||
| 003 | CO-BoRNBP | ||
| 005 | 20250825211435.0 | ||
| 007 | ta | ||
| 008 | 020618s2002 ck 000 j spa u | ||
| 020 | _a9588061970 | ||
| 040 |
_aCO-BoBN _bspa _cCO-BoBN |
||
| 082 | 0 | 4 |
_a813.44 _220 |
| 084 | _aN COT3 | ||
| 100 | 1 |
_aCote Baraibar, Ramón, _d1963- _963412 |
|
| 245 | 1 | 0 |
_aPáginas de enmedio / _cRamón Cote Baraibar |
| 250 | _a1a. edición | ||
| 300 |
_a141 p. ; _c23 cm |
||
| 336 |
_2rdacontent _atexto _btxt |
||
| 337 |
_2rdamedia _asin mediación _bn |
||
| 338 |
_2rdacarrier _avolumen _bnc |
||
| 650 | 1 | 9 |
_aCuentos colombianos _ySiglo XX _2LEMB _91206 |
| 942 |
_2ddc _cBK |
||
| 999 |
_c58519 _d58519 |
||